MARC

LEADER 00000nam a2200000 a 4500
001 UCJ3148
003 CL-VaPUC
005 20250228152904.0
008 070124e18760000AG |||||||||||||||||eng|d
999 |c 319270  |d 319268 
040 |c Pontificia Universidad Católica de Valparaíso 
082 0 4 |a 980  |b MUL  |2 21 
100 |a Mulhall, Michael G.  |e author  |9 504648 
245 1 4 |a The english in South America 
246 1 4 |a The transandine interoceanic railway between Valparaíso and Buenos Aires: Clak's concession 
246 1 0 |a Exposición en Filadelfia: Catálogo de los objetos enviados de la República Argentina 
246 1 4 |a The German library of Ernst Nolte 
250 |a 1a. ed 
260 |a Buenos Aires  |b Standard Office  |c 1876 
300 |a 641 p 
500 |a Contiene un completo índice de ingleses avecindados en América así como numerosos retratos; en dicho índice aparece subrayado, con toda seguridad por parte de Don Eduardo, el nombre de James Barnard, ascendiente materno suyo 
583 |a last modification  |c 20070124 00:00:00  |k Rodrigo Vera 
600 0 7 |a CABOTO, SEBASTIAN  |2 CL-VaPUC  |9 446023 
600 0 7 |a BARLOW, GEORGE  |2 CL-VaPUC  |9 504649 
600 0 7 |a OXENHAM, JOHN  |2 CL-VaPUC  |9 504650 
600 0 7 |a MORGAN, HENRY  |2 CL-VaPUC  |9 504651 
600 0 7 |a SHARP, BARTOLOME  |2 CL-VaPUC  |9 504652 
600 0 7 |a COXON, JOHN  |2 CL-VaPUC  |9 504653 
600 0 7 |a DAMPIER, WILLIAM  |2 CL-VaPUC  |9 504654 
600 0 7 |a COOK, JOHN  |2 CL-VaPUC  |9 504655 
600 0 7 |a EATON, JOHN  |2 CL-VaPUC  |9 504656 
600 0 7 |a KNIGHT, WILLIAMS  |2 CL-VaPUC  |9 504657 
600 0 |a Drake, Francis  |9 468873 
600 0 7 |a HAWKINS, RICHARD  |2 CL-VaPUC  |9 504658 
600 0 7 |a RALEIGH, WALTER  |2 CL-VaPUC  |9 443784 
600 0 |a Cochrane, Thomas Alexander  |9 438892 
600 0 |a O'higgins Riquelme, Bernardo  |9 387808 
600 0 |a Wheelwright, William,  |d 1798-1873  |9 504659 
600 0 7 |a WADDINGTON,JOSHUA  |2 CL-VaPUC  |9 504660 
600 0 7 |a MAGALLANES, HERNANDO DE  |2 CL-VaPUC  |9 368786 
600 0 |a Miller, Guillermo,  |d 1795-1861  |g Miller, William  |9 504661 
600 0 7 |a FAHY, ANTHONY D  |2 CL-VaPUC  |9 504662 
600 0 7 |a Nolte, Ernst,  |d 1923-2016  |9 876157 
650 0 |a Viajeros  |9 267525 
650 7 |a NAVEGANTES  |2 CL-VaPUC  |9 450740 
650 7 |a INGLESES  |2 CL-VaPUC  |9 504664 
650 7 |a MISIONEROS JESUITAS  |2 CL-VaPUC  |9 504665 
650 7 |a EXPOSICION INTERNACIONAL DE FILADELFIA 1876  |2 CL-VaPUC  |9 504666 
650 0 |a Centenario de la Independencia de los Estados Unidos  |9 504667 
650 0 |a Iconografía   |9 267998 
650 0 |a Recursos naturales  |9 255232 
650 7 |a INMIGRACION EUROPEA  |2 CL-VaPUC  |9 504668 
650 0 |a Guerra de la independencia   |9 331979 
650 7 |a IGLESIA PRESBITERIANA  |2 CL-VaPUC  |9 481008 
650 0 |a Publicidad comercial  |9 377167 
651 0 |a Argentina  |9 254888 
651 0 |a Bolivia  |9 255454 
651 7 |a CHILE  |2 CL-VaPUC  |9 504669 
651 0 |a Perú  |9 256567 
651 0 |a Brasil  |9 267393 
651 0 |a Ecuador  |9 258378 
651 0 |a Venezuela  |9 254993 
651 0 |a Colombia  |9 256424 
651 0 |a Paraguay  |9 255336 
651 0 |a Uruguay  |9 255194 
651 7 |a PUERTO DEL HAMBRE  |2 CL-VaPUC  |9 504670 
651 0 |a Santiago  |9 265444 
651 0 |a Cabo de Hornos  |9 357948 
651 0 |a Valdivia (Chile)  |9 268941 
651 0 |a Valparaíso, Chile  |9 261144 
942 |c BK  |2 ddc 
945 |d 20070124 00:00:00  |a rinostro 
952 |0 0  |1 0  |4 0  |6 980_000000000000000_MUL_1876  |7 0  |8 X  |9 397549  |a FDOBUD  |b FDOBUD  |d 2019-11-22  |i 1007394  |o 980 MUL 1876  |p 1007394  |r 2019-11-22  |w 2019-11-22  |y BK_X  |k BUD